Physical Metallurgy: Principles and Practice (Record no. 9370)

000 -LEADER
fixed length control field 00395nam a2200157Ia 4500
008 - FIXED-LENGTH DATA ELEMENTS--GENERAL INFORMATION
fixed length control field 200103s9999||||xx |||||||||||||| ||und||
020 ## - INTERNATIONAL STANDARD BOOK NUMBER
International Standard Book Number 9788120330122
082 ## - DEWEY DECIMAL CLASSIFICATION NUMBER
Classification number Column-46
100 ## - MAIN ENTRY--PERSONAL NAME
Personal name Raghavan, V.
245 #0 - TITLE STATEMENT
Title Physical Metallurgy: Principles and Practice
250 ## - EDITION STATEMENT
Edition statement 2nd ed.
260 ## - PUBLICATION, DISTRIBUTION, ETC. (IMPRINT)
Name of publisher, distributor, etc PHI Learning Pvt. Ltd., Delhi
Date of publication, distribution, etc 2014
300 ## - PHYSICAL DESCRIPTION
Extent xv, 232
942 ## - ADDED ENTRY ELEMENTS (KOHA)
Item type Books
Holdings
Withdrawn status Lost status Source of classification or shelving scheme Damaged status Not for loan Collection code Permanent location Current location Shelving location Date acquired Full call number Barcode Date last seen Koha item type Public note
          Non-fiction IMU-MPC Library IMU-MPC Library General Stacks 2020-01-08 669.9 RAG LBSD2145 2025-03-17 Books Column-46
          Non-fiction IMU-MPC Library IMU-MPC Library General Stacks 2021-01-02 669.9 RAG MPCG0347 2025-03-17 Books Column-46
Copyright © 2021 Indian Maritime University, Mumbai Port Campus. All Rights Reserved. Managed & Maintained by Central Library, IMU-Mumbai

webs counters

Powered by Koha